| 000 | 00623nam a2200205 u 4500 | ||
|---|---|---|---|
| 005 | 20240911064723.0 | ||
| 008 | 090622s2003 r 000 0 eng d | ||
| 020 | _a9592094845 | ||
| 035 | _aUPN01000171329 | ||
| 049 | _aCG | ||
| 050 | 4 |
_aHM1206 _bP5.3 |
|
| 100 | 1 | _aPlasencia Pons, Ayme | |
| 245 | 1 | 0 |
_aEnfoques sobre la comunicación en la gestión de proyectos comunitarios / _cAyme Plasencia Pons. |
| 260 |
_aEl Vedado, Cuba : _bUnión, _cc2003. |
||
| 300 | _a79 p. | ||
| 650 | 7 |
_aComunicación _xAspectos sociales _2 _96056 |
|
| 650 | 4 |
_aComunicación en la educación _91520 |
|
| 905 | _aLibro | ||
| 999 |
_c143434 _d143434 |
||